000 00528nmm a2200157Ia 4500
008 251105s9999||||xx |||||||||||||||||und||
020 _a9788497884358
041 _aspa
100 _aPujol Ozonas, Cristina
245 0 _aFans, cinéfilos y cinéfagos :
_b Una aproximación a las culturas y los gustos cinematográficos
264 _a[Madrid, España] :
_bUniversitat Oberta de Catalunya,
_c2011
300 _a196 páginas
650 _aFilm studies
856 _uhttps://public.digitaliapublishing.com/a/20155
942 _cCF
999 _c90660
_d90660